Normal view
MARC view
Entry Topical Term
001 - CONTROL NUMBER
- control field: 27913
003 - CONTROL NUMBER IDENTIFIER
- control field: OSt
005 - DATE AND TIME OF LATEST TRANSACTION
- control field: 20230713134645.0
008 - FIXED-LENGTH DATA ELEMENTS
- fixed length control field: 230713|| aca||aabn | a|a d
040 ## - CATALOGING SOURCE
- Original cataloging agency: OSt
- Transcribing agency: OSt
150 ## - HEADING--TOPICAL TERM
- Topical term or geographic name entry element: လွှတ်တော်အစည်းအဝေး
- Geographic subdivision: မြန်မာနိုင်ငံ။
670 ## - SOURCE DATA FOUND
- Source citation: Work cat.: (OSt): ဒုတိယအကြိမ်ပြည်သူ့လွှတ်တော်စတုတ္ထအစည်းအဝေးတွင် တင်ပြသောအစီရင်ခံစာများနှင့် ပက်သက်သည့်.../, ၁၉၇၉။